Podiel dôchodkových správcovských spoločností na tvorbe starobného dôchodku na Slovensku bakalárska práca

Uložené v:
Podrobná bibliografia
Hlavný autor: Rujáková, Eva
Korporativný autor: Podnikovohospodárska fakulta EU so sídlom v Košiciach. Katedra ekonómie
Ďalší autori: Kafková, Eva
Médium: Kniha
Jazyk:Slovak
Vydavateľské údaje: Košice 2011
Tagy: Pridať tag
Žiadne tagy, Buďte prvý, kto otaguje tento záznam!

MARC

LEADER 00000nbm a2200000 4500
001 0139366
005 20240827092736.3
041 0 |a slo 
044 |a SK 
245 1 0 |a Podiel dôchodkových správcovských spoločností na tvorbe starobného dôchodku na Slovensku  |b bakalárska práca  |c Eva Rujáková ; školiteľ: Eva Kafková 
264 1 |a Košice  |c 2011 
300 |a 46 s. 
100 1 |a Rujáková, Eva 
700 1 |a Kafková, Eva 
710 2 |a Podnikovohospodárska fakulta EU so sídlom v Košiciach. Katedra ekonómie